000
00337nam a2200145Ia 4500
008
230718s9999 xx 000 0 und d
041
_a
Eng.
082
_a
346
_b
GAN-E
100
_a
Gandhi 2 B. M.
245
0
_a
Equity, Trusts and Specific
260
_a
Pakistan
_b
isfan Low book
_c
2003
300
_a
472
650
_a
Law
999
_c
29278
_d
29278